Cestou k sovietskej poézii

Bibliographic Details
Main Author: Križka, Teodor, 1956- (Author)
Format: Article
Language:Slovak
Subjects:

MARC

LEADER 00000nab a2200000 a 4500
001 vtls000183491
003 SK-MaSNL
005 20260304181649.0
008 250423c1984 xo 0 slo
015 |a SNBRB19rr/mm-uuuuu 
035 |a CL0193604 
035 |a urn:nbn:sk:snk-abbdje 
035 |a (urnnbn)urn:nbn:sk:snk:ar-00002l 
035 |a (uuid)037af534-7e63-420d-97d9-4aea4c39c1cb 
040 |a SNKBUCL  |b slo  |c SNKBUCL  |e AACR2 
041 0 |a slo 
044 |a xo  |c SK 
080 |a 82.09:882-1(048)  |2 1981 
080 |a 882-1(048)  |2 1981 
100 1 |a Križka, Teodor,  |d 1956-  |4 aut  |9 206539 
245 1 0 |a Cestou k sovietskej poézii  |c Teodor Križka 
500 |a V rubrike Recenzie 
650 0 7 |a ruská poézia  |2 snkbucl  |9 66518 
655 7 |a články z novín a časopisov  |2 snkbucl  |9 267496 
655 7 |a články z odboru literárna veda a krásna literatúra  |2 snkbucl  |9 770045 
655 7 |a recenzie  |2 snkbucl  |9 21907 
773 0 |t Romboid  |g Roč. 19, č. 3 (1984), s. 90-91 
787 0 8 |i Rec.:  |a Rubcov, Nikolaj  |t Cestou k moru  |d Bratislava : Slovenský spisovateľ, 1983 
850 |a Slovenská národná knižnica 
852 |a Slovenská národná knižnica 
954 |a odborná, vedecká literatúra pôvodná (slovenská)  |2 lita 
958 |a article15 
958 |a RK 
958 |a LX 
958 |a SU 
958 |a OND 
958 |a EUIPO 
992 |a RBX 
999 |c 3025240  |d 3027170